000 00517nam a2200169Ia 4500
003 GCL
008 140319s9999 xx 000 0 ara d
040 _aGCL /
_cGCL
082 0 4 _a813.01
_bا ط
100 1 _aامين ريان
245 1 0 _aالطواحين (هدية من الاديب عبدالفتاح الجمل) /
_cامين ريان
300 _a139 ص
490 _aمختارات فصول
_v0
650 0 4 _aالادب العربى
650 0 4 _aالقصص العربية القصيرة
942 _2ddc
_cBK
999 _c47260
_d47260